000 01561 a2200265 4500
003 OSt
005 20180116192349.0
008 120531t xxu||||| |||| 00| 0 eng d
010 _a 2010502425
020 _a9780714849461 (hbk.)
020 _a0714849464 (hbk.)
035 _a(OCoLC)ocn262432237
040 _c0
082 0 0 _a720.92
100 1 _aCastanheira, Carlos.
_93150
245 1 0 _aÁlvaro Siza :
_bthe function of beauty /
_cCarlos Castanheira.
260 _aLondon :
_aNew York :
_bPhaidon,
_c2009.
300 _a303 p. :
_bill. (chiefly col.) ;
_c30 cm.
500 _aIncludes index.
505 0 _aBouça, Águas Férreas Cooperative -- Bragança Terraces -- Insel-Hombroich Foundation Museum of Architecture -- São Bento Underground Station -- Zaida Building, Patio House -- Iberê Camargo Foundation Museum -- Centre for 'Camilian' studies -- Multipurpose pavilion -- Masterplan for Vila do Conde's coastal road -- Viana do Castelo Municipal Library -- Masterplan for Leça da Palmeira's coastal road -- House in Pego -- House in Mallorca -- Institute of Educational Sciences -- Armanda Passos house and studio -- Centre for Development of New Enterprise -- Ribera-Serrallo Sports Complex -- Adega Mayor Winery -- Anyang Álvaro Siza Hall -- Mimesis Museum -- Quinta do Portal Winery.
600 1 0 _aSiza, Alvaro,
_d1933-
_xCriticism and interpretation.
_93151
700 1 _aSiza, Alvaro,
_d1933-
_93152
942 _aSADA
_cREF
_k720.92 CAS 2009
_2ddc
999 _c352881
_d352881